000
00299nam a22001337a 4500
999
_c
12332
_d
12332
020
_a
9789695034668
082
_a
297.35
100
_a
Molana Jalaluddin Romi
245
_a
Masnawi Molvi Maanawi
250
_a
Voume 5,6
260
_a
Pakistan
_b
Al-Faisal
_c
2006
300
_a
569 pages.
942
_c
BK